书目信息

书名: 鬼吹灯之三云南虫谷 
作者: 天下霸唱
出版信息: 合肥   安徽文艺出版社  2006.11
开本页数: 23cm  316页
丛书名:
单 册:
中图分类: I2406
科图分类:
主题词: 长篇小说--中国--当代 , 长篇小说
电子资源:
ISBN: 978-7-5396-2831-8
000 01175nam0 2200241 45
001 012012002610
005 20120606163323.65
010    @a978-7-5396-2831-8@dCNY26.80
100    @a20120605e20062009em y0chiy0121 ea
101 @achi
102    @aCN@b340000
105    @aa z 000ay
200 @a鬼吹灯之三云南虫谷@9gui chui deng zhi san yun nan chong gu@f天下霸唱著
205    @a2版
210    @a合肥@c安徽文艺出版社@d2006.11@h2009.06(重印)
215    @a316页@c图@d23cm
330    @a“人点烛,鬼吹灯”是传说中的四大盗墓门派之一——摸金派的不传之秘,意为进入古墓之中先在东南角点燃一支蜡烛才能开棺,如果蜡烛熄灭,须速速退出,不可取—一物。相传这是祖师爷所传的一条活人与死人的契约,千年传承,不得破例。故事以一本家传的秘书残卷为引,讲述三位当代摸金校尉,为解开部族消失的千古之谜,利用风水秘术,解读天下大山大川的脉搏,寻找一处处失落在大地深处的龙楼宝殿。毕竟那些龙形虎藏、揭天拔地、倾海翻江的举动,都迥异庸俗,在离奇诡异的地下世界中,历史的神秘面纱正一层层地被揭开…… --
606 @a长篇小说@y中国@z当代
606 @a长篇小说
690    @aI2406@v4
701  0 @a天下霸唱@9tian xia ba chang@4著
801  0 @aCN@bSOFMIT
905    @aCKNYKJZYXY@b300414353-7@dI2406@e7:3@f5
    
    鬼吹灯之三云南虫谷/天下霸唱著.-2版.-合肥:安徽文艺出版社,2006.11(2009.06(重印))
    316页:图;23cm
    
    
    ISBN 978-7-5396-2831-8:CNY26.80
    “人点烛,鬼吹灯”是传说中的四大盗墓门派之一——摸金派的不传之秘,意为进入古墓之中先在东南角点燃一支蜡烛才能开棺,如果蜡烛熄灭,须速速退出,不可取—一物。相传这是祖师爷所传的一条活人与死人的契约,千年传承,不得破例。故事以一本家传的秘书残卷为引,讲述三位当代摸金校尉,为解开部族消失的千古之谜,利用风水秘术,解读天下大山大川的脉搏,寻找一处处失落在大地深处的龙楼宝殿。毕竟那些龙形虎藏、揭天拔地、倾海翻江的举动,都迥异庸俗,在离奇诡异的地下世界中,历史的神秘面纱正一层层地被揭开…… --
相关链接 在五车中查询图书 在当当中查询图书 在豆瓣中查询图书


正题名:鬼吹灯之三云南虫谷     索取号:I2406/7:3         预约/预借

序号 登录号 条形码 馆藏地/架位号 状态 备注
1 414353   300414353   柳城-3楼/23架11列5层/ [索取号:I2406/7:3] 在馆    
2 414354   300414354   柳城-3楼/23架11列5层/ [索取号:I2406/7:3] 在馆    
3 414355   300414355   海科密-1楼/33架10列7层/ [索取号:I2406/7:3] 在馆    
4 414356   300414356   海科密-1楼/36架3列7层/ [索取号:I2406/7:3] 在馆    
5 414357   300414357   柳城-3楼/23架11列5层/ [索取号:I2406/7:3] 在馆